[Event "5th Karl Wagner mem"]
[Site "Graz"]
[Date "1998.09.05"]
[Round "1.1"]
[White "Aschenbrenner, Robert"]
[Black "Eingorn, Vereslav"]
[Result "0-1"]
[WhiteElo "2210"]
[BlackElo "2610"]
[PlyCount "74"]
[EventDate "1998.09.05"]

{1/(1)} 1. e4 1... e6 2. d4 d5 3. Nc3 Bb4 4. e5 Ne7 5. a3 Bxc3+ 6. bxc3 c5 7.
Qg4 Kf8 8. a4 Qc7 9. Nf3 b6 10. Ba3 Ba6 11. Bd3 cxd4 12. Qxd4 Nbc6 13. Qf4 Bxd3
14. cxd3 Kg8 15. Bd6 Qd7 16. O-O h6 17. c4 Rd8 18. c5 bxc5 19. Bxc5 Ng6 20. Qg3
Kh7 21. d4 Rb8 22. Nd2 Rhc8 23. f4 Kg8 24. Qa3 Qd8 25. f5 exf5 26. Rxf5 Qa5 27.
Qd3 {} 27... Ncxe5 28. Qe3 Ng4 29. Qg3 Nf6 30. Nb3 Qa6 31. Raf1 Re8 32. Nd2
Rb2 33. Nf3 Ree2 34. Ne1 Qe6 35. R5f3 Ne4 36. Qc7 Ng5 37. Rf5 Rxe1 0-1

[Event "5th Karl Wagner mem"]
[Site "Graz"]
[Date "1998.09.05"]
[Round "1.3"]
[White "Rott, Georg"]
[Black "Lerner, Konstantin"]
[Result "0-1"]
[WhiteElo "2200"]
[BlackElo "2580"]
[PlyCount "143"]
[EventDate "1998.09.05"]

{1/(3)} 1. e4 1... c5 2. c3 d5 3. exd5 Qxd5 4. d4 Nf6 5. Nf3 Bg4 6. Be2 e6 7.
O-O Nc6 8. h3 Bh5 9. Be3 cxd4 10. cxd4 Be7 11. Nc3 Qd6 12. a3 O-O 13. Qb3 Rfd8
14. Rad1 a6 15. d5 Nxd5 16. Bb6 Rd7 17. Nxd5 exd5 18. Rd2 Bd8 19. Be3 Ba5 20.
Rdd1 Re8 21. Qc2 Bc7 22. Bc5 Qf4 23. g3 Qf6 24. Rfe1 Rdd8 25. Nd4 Bg6 26. Bd3
Be5 27. Qe2 h6 28. Bxg6 Qxg6 29. Qd3 Qxd3 30. Rxd3 Bxd4 31. Rxe8+ Rxe8 32. Bxd4
Nxd4 33. Rxd4 Rd8 34. Kf1 Kf8 35. Ke2 Ke7 36. Rb4 b5 37. a4 Rb8 38. Ke3 Kd6 39.
Kd4 Kc6 40. Rb3 Re8 41. axb5+ axb5 42. Rc3+ Kd6 43. Kd3 Re6 44. Rc8 Rf6 45. Ke2
g5 46. f3 d4 47. b4 Re6+ 48. Kf2 Re7 49. Rc5 {} 49... d3 50. Rc3 Kd5 51. Rxd3+
Kc4 52. Rd6 Re6 53. Rd7 Rf6 54. Ke3 Kxb4 55. f4 gxf4+ 56. gxf4 Kc5 57. Ke4 b4
58. Rc7+ Kb5 59. Ke5 Re6+ 60. Kd5 b3 61. Rxf7 Rb6 62. Rg7 b2 63. Rg1 Kb4 64. f5
Kc3 65. Rb1 Kc2 66. Rg1 b1=Q 67. Rxb1 Rxb1 68. f6 Rf1 69. Ke6 Kd3 70. f7 Ke4
71. Ke7 h5 72. h4 0-1

[Event "5th Karl Wagner mem"]
[Site "Graz"]
[Date "1998.09.05"]
[Round "1.4"]
[White "Burmakin, Vladimir"]
[Black "Laschet, Ewald"]
[Result "1-0"]
[WhiteElo "2560"]
[BlackElo "2195"]
[PlyCount "67"]
[EventDate "1998.09.05"]

{1/(4)} 1. d4 1... d5 2. c4 e6 3. Nf3 Nf6 4. Nc3 Be7 5. Bg5 O-O 6. e3 h6 7. Bf4
c6 8. Bd3 Nbd7 9. O-O Nh5 10. Be5 f6 11. Bg3 Nxg3 12. hxg3 f5 13. cxd5 cxd5 14.
Nh2 Nf6 15. g4 g6 16. gxf5 gxf5 17. g4 Kh8 18. Kh1 f4 19. exf4 Bd6 20. Qf3 Bd7
21. Ne2 Ne4 22. Qh3 Kg7 23. f3 Nf6 24. Rg1 Rh8 25. Nf1 Kf7 26. Nfg3 h5 27. gxh5
Qf8 28. Rae1 28... Qh6 {} 29. Bg6+ Ke7 30. f5 Rag8 31. Qh4 Be8 32. Nc3 Rxg6
33. fxg6 Qxg6 34. Nxd5+ 1-0

[Event "5th Karl Wagner mem"]
[Site "Graz"]
[Date "1998.09.05"]
[Round "1.5"]
[White "Moser, Eva"]
[Black "Polak, Thomas"]
[Result "0-1"]
[WhiteElo "2190"]
[BlackElo "2525"]
[PlyCount "70"]
[EventDate "1998.09.05"]

{1/(5)} 1. e4 1... c6 2. d4 d5 3. Nc3 dxe4 4. Nxe4 Nd7 5. Bc4 Ngf6 6. Ng5 e6 7.
Qe2 Nb6 8. Bd3 h6 9. N5f3 c5 10. dxc5 Bxc5 11. Ne5 Nbd7 12. Ngf3 Qc7 13. O-O
Nxe5 14. Nxe5 O-O 15. c4 b6 16. b3 Bd4 17. Bb2 Bxb2 18. Qxb2 Bb7 19. Rfe1 Rfd8
20. Re3 Qc5 21. Qe2 Rd4 22. Re1 Rad8 23. h3 Kf8 24. Qc2 a5 25. Qe2 Ba6 26. Qc2
R8d6 27. Qe2 Qc7 28. Qc2 Bb7 29. a3 Rd8 30. b4 axb4 31. axb4 Kg8 32. Ra1 Nh5
33. c5 (33. g3 $11) 33... Nf4 34. Bf1 {} 34... Nd5 35. Re2 Nxb4 0-1

[Event "5th Karl Wagner mem"]
[Site "Graz"]
[Date "1998.09.05"]
[Round "1.6"]
[White "Rabiega, Robert"]
[Black "Deutsch, Ludwig"]
[Result "1-0"]
[WhiteElo "2525"]
[BlackElo "2180"]
[PlyCount "49"]
[EventDate "1998.09.05"]

{1/(6)} 1. e4 1... c5 2. c3 Nc6 3. d4 e5 4. dxe5 Nxe5 5. f4 Nc6 6. Nf3 d6 7.
Bc4 7... Nh6 {} 8. f5 Be7 9. Bxh6 gxh6 10. O-O Bf6 11. Na3 a6 12. Bd5 Ne5 13.
Nxe5 Bxe5 14. Nc4 Qf6 15. Nxe5 dxe5 16. Qe2 Rb8 17. Rad1 Bd7 18. Rf3 Bb5 19. c4
Bd7 20. Qe3 b6 21. Rh3 h5 22. Rxh5 h6 23. Rd3 a5 24. Qd2 Rd8 25. Rdh3 1-0

[Event "5th Karl Wagner mem"]
[Site "Graz"]
[Date "1998.09.05"]
[Round "1.7"]
[White "Nickl, Klaus"]
[Black "Loginov, Valery"]
[Result "0-1"]
[WhiteElo "2180"]
[BlackElo "2520"]
[PlyCount "108"]
[EventDate "1998.09.05"]

{1/(7)} 1. d4 1... Nf6 2. Nf3 g6 3. Bg5 Bg7 4. Nbd2 c5 5. c3 cxd4 6. cxd4 O-O
7. e3 Nc6 8. Bc4 d5 9. Be2 Bf5 10. O-O Qb6 11. Qb3 Rfc8 12. Qxb6 axb6 13. a3
Na5 14. Rac1 Bc2 15. Ne1 Ba4 16. Nd3 h6 17. Bf4 Nc4 18. Nb1 Ne4 19. Nc3 Nxc3
20. Rxc3 Bc6 21. Rfc1 b5 22. R1c2 e6 23. h3 f6 24. e4 {} 24... dxe4 25. Nc5 g5
26. Bc1 Bd5 27. a4 f5 28. axb5 Nd6 29. Nd7 Bxd4 30. Rc7 Rxc7 31. Rxc7 Ne8 32.
Rc2 Rd8 33. Rd2 e5 34. Bh5 Rxd7 35. Bxe8 Re7 36. Bg6 e3 37. fxe3 Bxe3+ 38. Kf1
Bxd2 39. Bxd2 f4 40. Bd3 e4 41. Be2 Rc7 42. Bc3 Bc4 43. b6 Bxe2+ 44. Kxe2 Rc6
45. Bd4 Rc2+ 46. Kf1 Kf7 47. Be5 Ke6 48. Bg7 h5 49. b4 g4 50. hxg4 hxg4 51. Bd4
Kd5 52. Bc5 e3 53. g3 Ke4 54. gxf4 Kf3 0-1

[Event "5th Karl Wagner mem"]
[Site "Graz"]
[Date "1998.09.05"]
[Round "1.8"]
[White "Oral, Tomas"]
[Black "Riemelmoser, Oliver"]
[Result "1-0"]
[WhiteElo "2510"]
[BlackElo "2175"]
[PlyCount "59"]
[EventDate "1998.09.05"]

{1/(8)} 1. e4 1... e6 2. d4 d5 3. Nd2 Nf6 4. e5 Nfd7 5. Bd3 c5 6. c3 Nc6 7. Ne2
cxd4 8. cxd4 f6 9. exf6 Nxf6 10. Nf3 Bd6 11. O-O O-O 12. Bf4 Bxf4 13. Nxf4 Ne4
14. Nh5 g6 15. Ng3 Nxg3 16. hxg3 Qb6 17. Qa4 a6 18. Rab1 Bd7 19. Be2 {} 19...
Ne5 20. Qd1 Nxf3+ 21. gxf3 Rac8 22. Qd2 Rc6 23. Kg2 Rfc8 24. Rh1 Be8 25. Qe3
Qc7 26. Rh6 Rc1 27. Rxc1 Qxc1 28. Qxe6+ Bf7 29. Qd7 Re8 30. Rxh7 1-0

[Event "5th Karl Wagner mem"]
[Site "Graz"]
[Date "1998.09.05"]
[Round "1.9"]
[White "Adinolfi, Vincenzo"]
[Black "Pavasovic, Dusko"]
[Result "1/2-1/2"]
[WhiteElo "2170"]
[BlackElo "2505"]
[PlyCount "111"]
[EventDate "1998.09.05"]

{1/(9)} 1. d4 1... d5 2. Nf3 c6 3. c3 Nf6 4. Bf4 Bf5 5. Qb3 Qb6 6. Nbd2 Nbd7 7.
e3 Nh5 8. Be2 Nxf4 9. exf4 g6 10. O-O Bh6 11. g3 O-O 12. Rfe1 Qc7 13. Nf1 Bg4
14. Ne3 Bxf3 15. Bxf3 e6 16. Ng4 Bg7 17. Ne5 Rfc8 18. Rad1 Nf6 19. Rd2 Ne8 20.
h4 Nd6 21. h5 Qe7 22. hxg6 hxg6 23. Ng4 Qd8 24. Kg2 c5 25. dxc5 Rxc5 26. Ne5
Rb5 27. Qa4 Qa5 28. Qxa5 Rxa5 29. Nxg6 Nc4 30. Rde2 Rxa2 31. Ne7+ Kf8 32. Nxd5
{} 32... Rxb2 33. Rxb2 Nxb2 34. Rb1 exd5 35. Rxb2 b6 36. Bxd5 Rd8 37. Rd2 Bxc3
38. Rd3 Bb2 39. Bc4 Rxd3 40. Bxd3 Ke7 41. Kf3 Kd6 42. Bc4 f6 43. Ke4 Kc5 44.
Kd3 a5 45. g4 Bc1 46. g5 fxg5 47. fxg5 Bxg5 48. Bf7 b5 49. Kc3 a4 50. Be8 Bf6+
51. Kc2 Kb4 52. f4 Bg7 53. f5 Bf6 54. Bd7 Kc5 55. Be8 b4 56. Bf7 1/2-1/2

[Event "5th Karl Wagner mem"]
[Site "Graz"]
[Date "1998.09.05"]
[Round "1.10"]
[White "Maksimenko, Andrei"]
[Black "Havlicek, Josef"]
[Result "1-0"]
[WhiteElo "2500"]
[BlackElo "2160"]
[PlyCount "67"]
[EventDate "1998.09.05"]

{1/(10)} 1. Nf3 1... Nf6 2. c4 g6 3. Nc3 Bg7 4. d4 O-O 5. Bg5 h6 6. Bh4 d6 7.
e3 c6 8. Be2 Na6 9. O-O Nc7 10. h3 Rb8 11. a3 Bf5 12. Nd2 Qc8 13. e4 Bd7 14. e5
dxe5 15. dxe5 Nh7 16. Bxe7 Re8 17. Bc5 b6 18. Be3 Bxe5 19. Nde4 {} 19... Bxh3
20. Nd6 Qe6 21. Nxe8 Rxe8 22. Re1 h5 23. Bf3 Bf5 24. Bf4 Qf6 25. Bxe5 Rxe5 26.
Rxe5 Qxe5 27. Bxc6 Ne6 28. Qd2 Nf6 29. Re1 Qc5 30. Bd5 Ng4 31. Nb5 a6 32. b4
Qe7 33. Nd4 Qh4 34. Nf3 1-0

[Event "5th Karl Wagner mem"]
[Site "Graz"]
[Date "1998.09.05"]
[Round "1.11"]
[White "Seidl, Juergen"]
[Black "Zoler, Dan"]
[Result "0-1"]
[WhiteElo "2160"]
[BlackElo "2500"]
[PlyCount "76"]
[EventDate "1998.09.05"]

{1/(11)} 1. d4 1... Nf6 2. c4 e6 3. Nc3 Bb4 4. e3 O-O 5. Bd3 Nc6 6. Nf3 d5 7.
O-O dxc4 8. Bxc4 a6 9. Qe2 Bd6 10. Rd1 Qe8 11. e4 e5 12. Bg5 Nxd4 13. Nxd4 exd4
14. Bxf6 dxc3 15. Bxc3 Be6 16. Bd3 Rb8 17. e5 Bc5 18. Kh1 Qa4 19. b4 Bb6 20. f4
Rfd8 21. f5 Bd5 22. f6 g6 23. Rd2 Qe8 24. Rad1 c6 25. a4 Qe6 26. Bc2 Rd7 27. b5
axb5 28. axb5 Rbd8 29. bxc6 bxc6 30. Bb4 Bc7 31. Be7 Rb8 32. Re1 Ba5 33. Red1
Bxd2 34. Qxd2 {} 34... Bxg2+ 35. Qxg2 Rxd1+ 36. Bxd1 Rb1 37. Qd2 Qd5+ 38. Qxd5
cxd5 0-1

[Event "5th Karl Wagner mem"]
[Site "Graz"]
[Date "1998.09.05"]
[Round "1.12"]
[White "Stanec, Nikolaus"]
[Black "Senoner, Erich Jun"]
[Result "1-0"]
[WhiteElo "2495"]
[BlackElo "2160"]
[PlyCount "65"]
[EventDate "1998.09.05"]

{1/(12)} 1. d4 1... Nf6 2. Nf3 c5 3. d5 b5 4. Bg5 Bb7 5. Bxf6 exf6 6. e4 a6 7.
Nbd2 d6 8. a4 Qb6 9. c3 Nd7 10. Be2 Be7 11. axb5 axb5 12. Rxa8+ Bxa8 13. Qb3 c4
14. Qb4 O-O 15. Nd4 Rb8 16. O-O g6 17. Ra1 f5 18. Qxb5 {} 18... Qxb5 19. Nxb5
Bxd5 20. exd5 Rxb5 21. Nxc4 Nf6 22. Bf3 Nxd5 23. Na3 Rxb2 24. Bxd5 Bf6 25. Nc4
Rb5 26. Rd1 Bxc3 27. Nxd6 Rb2 28. g3 Bb4 29. Nxf7 Kg7 30. Ne5 Kf6 31. Nd3 Rd2
32. Rxd2 Bxd2 33. f4 1-0

[Event "5th Karl Wagner mem"]
[Site "Graz"]
[Date "1998.09.05"]
[Round "1.13"]
[White "Genser, Harald"]
[Black "Mohr, Georg"]
[Result "0-1"]
[WhiteElo "2155"]
[BlackElo "2470"]
[PlyCount "100"]
[EventDate "1998.09.05"]

{1/(13)} 1. e4 1... g6 2. d4 Bg7 3. Nc3 c6 4. Nf3 d6 5. Be3 Nf6 6. Qd2 b5 7.
Bd3 O-O 8. a4 b4 9. Ne2 a5 10. Bh6 Qc7 11. Ng3 e5 12. dxe5 dxe5 13. Qg5 Re8 14.
Rd1 Na6 15. Bxg7 Kxg7 16. Nh4 Ng8 17. Bc4 Kf8 18. Qe3 Qa7 19. Qxa7 Rxa7 20. Nf3
Nc5 21. b3 Bg4 22. Be2 Bxf3 23. Bxf3 Ke7 24. Be2 Nf6 25. f3 Ne6 26. Nf1 Nd4 27.
Ne3 Rd8 28. Rd2 Ne8 29. Nc4 f6 30. Kf2 Nd6 31. Rhd1 Nxc4 32. Bxc4 Rad7 33. Be2
Kd6 34. g3 Kc7 35. Ke1 Rd6 36. f4 h5 37. fxe5 fxe5 38. h4 R6d7 39. g4 hxg4 40.
Bxg4 Rh7 41. Rh2 Rf8 42. Rf2 {} 42... Rxf2 43. Kxf2 Nxc2 44. Kg3 Nd4 45. Rd3
c5 46. Bd1 Rf7 47. Kg4 Rf4+ 48. Kg5 Rxe4 49. Kxg6 Rxh4 50. Kf6 Kd6 0-1

[Event "5th Karl Wagner mem"]
[Site "Graz"]
[Date "1998.09.05"]
[Round "1.14"]
[White "Soln, Primoz"]
[Black "Klimpel, Thomas"]
[Result "0-1"]
[WhiteElo "2470"]
[BlackElo "2155"]
[PlyCount "64"]
[EventDate "1998.09.05"]

{1/(14)} 1. d4 1... d5 2. c4 c6 3. Nc3 Nf6 4. Nf3 e6 5. Bg5 dxc4 6. e4 b5 7. e5
h6 8. Bh4 g5 9. exf6 gxh4 10. Ne5 Qxf6 11. a4 Nd7 12. Nxc6 b4 13. Nb5 Qf4 14.
Qf3 Bd6 15. Ncxa7 Rxa7 16. Qxf4 Bxf4 17. Nxa7 Bb7 18. f3 h3 19. Kf2 hxg2 20.
Bxg2 {} 20... c3 21. Nb5 c2 22. Rhc1 b3 23. Bf1 Nb6 24. Nc3 Nd5 25. Bb5+ Ke7
26. Ne2 Be3+ 27. Kf1 Rg8 28. Bc4 Nf4 29. Ng3 Bxf3 30. d5 Bg2+ 31. Ke1 Bxd5 32.
Bxd5 Nxd5 0-1

[Event "5th Karl Wagner mem"]
[Site "Graz"]
[Date "1998.09.05"]
[Round "1.15"]
[White "Stolte, Alexander"]
[Black "Klovan, Jan"]
[Result "1/2-1/2"]
[WhiteElo "2145"]
[BlackElo "2465"]
[PlyCount "108"]
[EventDate "1998.09.05"]

{1/(15)} 1. d4 1... Nf6 2. Nf3 e6 3. Bg5 d5 4. e3 Be7 5. Bd3 O-O 6. Nbd2 b6 7.
Qe2 Bb7 8. Bxf6 Bxf6 9. e4 c5 10. e5 Be7 11. c3 Nc6 12. h4 cxd4 13. Nxd4 Nxd4
14. cxd4 f5 15. exf6 Rxf6 16. Nf3 Bb4+ 17. Kf1 Qe7 18. Rd1 Raf8 19. Kg1 Bc8 20.
Qc2 Rh6 21. Rc1 Bd7 22. Ne5 Bd6 23. g3 Bxe5 24. dxe5 Be8 25. Kg2 Bg6 26. Bxg6
Rxg6 27. Qa4 Qf7 28. f4 {} 28... Qxf4 29. Qxf4 Rxf4 30. Rc8+ Rf8 31. Rhc1 Rg4
32. R1c7 Rxc8 33. Rxc8+ Kf7 34. Rc7+ Kg6 35. Rxa7 Kf5 36. Kf3 Rb4 37. b3 Kxe5
38. Rxg7 h6 39. Rg6 Rd4 40. Rxh6 Rd2 41. Rh8 Rxa2 42. Rb8 Kd4 43. h5 e5 44. g4
e4+ 45. Kg3 Ra1 46. g5 e3 47. Re8 Kd3 48. g6 Rg1+ 49. Kf4 e2 50. Kf5 Rf1+ 51.
Kg5 Rg1+ 52. Kf6 Rf1+ 53. Kg5 Rg1+ 54. Kf6 Rf1+ 1/2-1/2

[Event "5th Karl Wagner mem"]
[Site "Graz"]
[Date "1998.09.05"]
[Round "1.21"]
[White "Freitag, Manfred"]
[Black "Brunnsteiner, Mario"]
[Result "1-0"]
[WhiteElo "2400"]
[BlackElo "2110"]
[PlyCount "87"]
[EventDate "1998.09.05"]

{1/(21)} 1. d4 1... Nf6 2. c4 e6 3. Nf3 b6 4. g3 Bb7 5. Bg2 Be7 6. O-O O-O 7.
Nc3 d6 8. d5 e5 9. e4 Nbd7 10. Ne1 Re8 11. Nd3 Bf8 12. Bg5 h6 13. Be3 Nc5 14.
b4 Nxd3 15. Qxd3 a5 16. a3 Ng4 17. Bd2 axb4 18. axb4 Qe7 19. Nb5 Ba6 20. f3 Nf6
21. Rfe1 Qd7 22. Ra3 c6 23. dxc6 Qxc6 24. Bf1 Rec8 25. Be3 g5 26. g4 Rd8 27.
Rea1 Bb7 28. Nc3 Rxa3 29. Rxa3 Ra8 30. Nd5 Nxd5 31. cxd5 Qc7 32. Rxa8 Bxa8 33.
Qa6 Qc3 34. Kf2 Qxb4 35. Qxa8 Qb2+ 36. Be2 b5 37. h4 f6 38. Qd8 b4 39. Qxf6 b3
40. hxg5 hxg5 41. Bxg5 Bg7 42. Qe6+ Kh7 43. Be3 43... Qc2 {} 44. g5 1-0

[Event "5th Karl Wagner mem"]
[Site "Graz"]
[Date "1998.09.05"]
[Round "1.22"]
[White "Galje, Hans"]
[Black "Wittmann, Walter"]
[Result "1/2-1/2"]
[WhiteElo "2110"]
[BlackElo "2380"]
[PlyCount "76"]
[EventDate "1998.09.05"]

{1/(22)} 1. d4 1... Nf6 2. c4 g6 3. Nc3 Bg7 4. e4 d6 5. f3 O-O 6. Bg5 c5 7. d5
e6 8. Qd2 exd5 9. cxd5 Bd7 10. a4 Na6 11. Nge2 Nb4 12. Ng3 h6 13. Be3 Re8 14.
Be2 h5 15. O-O a6 16. Nh1 Rb8 17. Nf2 b5 18. axb5 axb5 19. e5 Rxe5 20. Bf4 Re8
21. Bxd6 Rc8 22. Nfe4 Qb6 23. Bg3 Rf8 24. Bf2 Rfd8 25. Nxf6+ Qxf6 26. Ne4 {}
26... Qxb2 27. Qxb2 Bxb2 28. Rab1 Be5 29. Nxc5 Nxd5 30. Nxd7 Rxd7 31. Bxb5 Rb7
32. Ba6 Rxb1 33. Rxb1 Rc2 34. g3 Bb2 35. Re1 Rc1 36. Rxc1 Bxc1 37. Bc4 Ne3 38.
Bxe3 Bxe3+ 1/2-1/2

[Event "5th Karl Wagner mem"]
[Site "Graz"]
[Date "1998.09.05"]
[Round "1.23"]
[White "Krumpacnik, Domen"]
[Black "Wallner, Dieter"]
[Result "1-0"]
[WhiteElo "2380"]
[BlackElo "2110"]
[PlyCount "89"]
[EventDate "1998.09.05"]

{1/(23)} 1. d4 1... Nf6 2. c4 g6 3. Nc3 Bg7 4. e4 d6 5. f3 O-O 6. Be3 Nc6 7.
Nge2 a6 8. Qd2 Rb8 9. Rc1 Bd7 10. b3 e5 11. d5 Ne7 12. Ng3 Ne8 13. Be2 f5 14.
exf5 Nxf5 15. Nxf5 gxf5 16. O-O Qe7 17. Bd3 Kh8 18. Rce1 Qf6 19. Ne2 c5 20.
dxc6 Bxc6 21. f4 Qg6 22. Ng3 e4 23. Be2 Nf6 24. Qxd6 Rbd8 25. Qc5 Ng4 26. Bxg4
Qxg4 27. Rf2 h5 28. Nf1 Rd3 29. Bc1 h4 30. Ne3 Qg6 31. Bb2 Rf7 32. Bxg7+ Kxg7
33. Qe5+ Kh7 34. Nf1 h3 35. Re3 Rfd7 36. Rg3 Rxg3 37. hxg3 37... e3 {} 38.
Nxe3 hxg2 39. Nd5 Bxd5 40. cxd5 Qh5 41. Kxg2 Rg7 42. Rf1 Rxg3+ 43. Kxg3 Qg4+
44. Kf2 Qh4+ 45. Ke3 1-0

[Event "5th Karl Wagner mem"]
[Site "Graz"]
[Date "1998.09.05"]
[Round "1.25"]
[White "Alienkin, Aleksander"]
[Black "Zoister, Stefan"]
[Result "1/2-1/2"]
[WhiteElo "2365"]
[BlackElo "2105"]
[PlyCount "144"]
[EventDate "1998.09.05"]

{1/(25)} 1. Nf3 1... Nf6 2. d4 e6 3. c4 b6 4. g3 Ba6 5. Nbd2 d5 6. Bg2 c6 7.
Ne5 Nbd7 8. Nxd7 Nxd7 9. O-O Be7 10. Qc2 O-O 11. e4 Bb7 12. b3 c5 13. exd5 exd5
14. cxd5 Bf6 15. Nc4 cxd4 16. Ba3 Nc5 17. Bxc5 bxc5 18. Qf5 g6 19. Qf3 Bg7 20.
Rfe1 Qd7 21. Na5 Ba6 22. Nc6 Rae8 23. Bf1 d3 24. Rxe8 Rxe8 25. Rd1 c4 26. Nb4
Bb5 27. bxc4 Bxc4 28. Bxd3 Qb5 29. Bxc4 Qxb4 30. Bb3 Re1+ 31. Rxe1 Qxe1+ 32.
Kg2 Qe7 33. h4 h5 34. Qf4 Be5 35. Qc4 Qc7 36. Qa4 Kg7 37. Qe8 Bd6 38. Qe4 Qe7
39. Qd4+ Be5 40. Qe3 Bd6 41. Qd4+ Be5 42. Qd3 Bd6 43. Qc3+ Qe5 44. Qc4 Qe7 45.
Qc6 Qc7 46. Bd1 Qe7 47. Bf3 Qe5 48. a4 Qe7 49. Qc4 Qe5 50. a5 Qe7 51. Qd4+ Kg8
52. Be4 Bc5 53. Qc4 Kg7 54. Bd3 Bd6 55. Bc2 Kh6 56. Ba4 Qc7 57. Qd4 Be5 58.
Qe3+ Kg7 59. Bc6 Qe7 60. a6 Qf6 61. Bb5 Bd4 62. Qe2 Qe5 63. Qxe5+ Bxe5 64. Kf3
Bd4 65. d6 Bc5 66. d7 Bb6 67. Ke4 Kf8 68. f4 Ke7 69. f5 Bc7 70. fxg6 fxg6 71.
Kf3 Kf6 72. Bd3 g5 1/2-1/2

[Event "5th Karl Wagner mem"]
[Site "Graz"]
[Date "1998.09.05"]
[Round "1.26"]
[White "Halser, Walter"]
[Black "Baumegger, Siegfried"]
[Result "1/2-1/2"]
[WhiteElo "2090"]
[BlackElo "2360"]
[PlyCount "92"]
[EventDate "1998.09.05"]

{1/(26)} 1. e4 1... c5 2. f4 d5 3. exd5 Nf6 4. Bb5+ Nbd7 5. c4 e6 6. dxe6 fxe6
7. Nf3 Bd6 8. d4 O-O 9. O-O cxd4 10. Bxd7 Bxd7 11. Nxd4 e5 12. fxe5 Bxe5 13.
Nf3 Qb6+ 14. Kh1 Bxb2 15. c5 Qb4 16. Bxb2 Qxb2 17. Nbd2 Bc6 18. Qb3+ Qxb3 19.
Nxb3 Rfe8 20. Rfe1 Bd5 21. Kg1 Rxe1+ 22. Rxe1 a5 23. Re2 a4 24. Nbd4 Rc8 25.
Rc2 Re8 26. c6 bxc6 27. Nxc6 Ng4 28. h3 {} 28... Bxf3 29. hxg4 Bxc6 30. Rxc6
Re2 31. Rc8+ Kf7 32. Rc7+ Kg6 33. Rc6+ Kg5 34. Rc7 g6 35. Rxh7 Rxa2 36. Kh2
Kxg4 37. Ra7 Kf4 38. Kh3 Ra1 39. Rf7+ Ke5 40. Kg4 a3 41. Kg5 Kd4 42. g4 Kc4 43.
Ra7 Kb3 44. Kxg6 Rg1 45. g5 a2 46. Kf6 a1=Q+ 1/2-1/2

[Event "5th Karl Wagner mem"]
[Site "Graz"]
[Date "1998.09.05"]
[Round "1.29"]
[White "Velickovic, Zoran"]
[Black "Romaszko, Sylwia"]
[Result "1/2-1/2"]
[WhiteElo "2290"]
[BlackElo "2065"]
[PlyCount "96"]
[EventDate "1998.09.05"]

{1/(29)} 1. Nf3 1... f5 2. d4 g6 3. g3 Bg7 4. Bg2 d6 5. O-O Nf6 6. c4 O-O 7.
Nc3 Nc6 8. d5 Ne5 9. Nxe5 dxe5 10. b4 e4 11. Qb3 e6 12. Rd1 Qe8 13. Bb2 Qf7 14.
d6 cxd6 15. Rxd6 e5 16. c5 Qxb3 17. axb3 Ne8 18. Rdd1 Nc7 19. b5 Be6 20. b4
Rfc8 21. e3 Bf8 22. Bf1 b6 23. Na4 Bb3 24. Rd7 Nd5 25. Ra3 Nf6 26. Rxb3 Nxd7
27. Bc4+ Kg7 28. Be6 Rd8 29. c6 Nf6 30. c7 30... Re8 {} 31. c8=Q Raxc8 32.
Bxc8 Rxc8 33. Bxe5 Kf7 34. Nc3 Nd7 35. Bd4 Rc4 36. Ra3 Ke6 37. Rxa7 Bxb4 38.
Na4 Ba5 39. Nxb6 Bxb6 40. Bxb6 Rb4 41. Bd4 Rxb5 42. Ra6+ Ke7 43. h4 Kf7 44. Kg2
h5 45. f3 exf3+ 46. Kxf3 Rb1 47. Rd6 Nf8 48. Ra6 Rb7 1/2-1/2

[Event "5th Karl Wagner mem"]
[Site "Graz"]
[Date "1998.09.05"]
[Round "1.30"]
[White "Zirngast, Erhard"]
[Black "Grabher, Heinz"]
[Result "0-1"]
[WhiteElo "2060"]
[BlackElo "2285"]
[PlyCount "48"]
[EventDate "1998.09.05"]

{1/(30)} 1. g3 1... d5 2. Bg2 Nf6 3. b3 e5 4. Bb2 Nc6 5. Nf3 e4 6. Ne5 Bd6 7.
Nxc6 bxc6 8. c4 O-O 9. O-O Re8 10. d3 e3 11. cxd5 Ng4 12. dxc6 Nxh2 13. f4 Ng4
14. Qe1 Bf8 15. Qc3 Qd6 16. Bh3 Qh6 17. Kg2 Nf2 18. Bxc8 Raxc8 19. Rxf2 exf2
20. e4 {} 20... Qh2+ 21. Kxh2 f1=Q 22. f5 Rcd8 23. Nd2 Qe2+ 24. Kg1 Rxd3 0-1

[Event "5th Karl Wagner mem"]
[Site "Graz"]
[Date "1998.09.05"]
[Round "1.33"]
[White "Ebner, Hubert"]
[Black "Agovic, Mirsad"]
[Result "1-0"]
[WhiteElo "2275"]
[BlackElo "2035"]
[PlyCount "81"]
[EventDate "1998.09.05"]

{1/(33)} 1. d4 1... Nf6 2. c4 c5 3. d5 d6 4. Nc3 g6 5. e4 Bg7 6. f3 O-O 7. Bg5
h6 8. Be3 Na6 9. Qd2 Kh7 10. Bd3 Nb4 11. Bb1 e5 12. Nge2 Bd7 13. O-O Rb8 14. a3
Na6 15. Bd3 Nc7 16. b4 b6 17. Rab1 Na6 18. Rb3 Rc8 19. h3 g5 20. Ng3 Ng8 21.
Nf5 Be8 22. Nb5 Bxb5 23. cxb5 Nb8 24. bxc5 bxc5 25. Bc4 Ne7 26. Nxe7 Qxe7 27.
a4 Qc7 28. a5 Nd7 29. Rfb1 Rb8 30. Qa2 Bf6 31. Bd2 Qb7 32. Ra3 Ra8 33. Qc2 Rfb8
34. Qc1 34... Bd8 {} 35. h4 f6 36. Kf2 Qc8 37. Qh1 Kg7 38. hxg5 fxg5 39. Qh3
Nf8 40. Qh5 Qd7 41. Rh1 1-0

[Event "5th Karl Wagner mem"]
[Site "Graz"]
[Date "1998.09.05"]
[Round "1.34"]
[White "Teuschler, Hugo"]
[Black "Singer, Richard"]
[Result "0-1"]
[WhiteElo "2030"]
[BlackElo "2275"]
[PlyCount "86"]
[EventDate "1998.09.05"]

{1/(34)} 1. e4 1... g6 2. d4 Bg7 3. Nc3 c5 4. Nf3 Qa5 5. Bd2 cxd4 6. Nd5 Qd8 7.
Bf4 d6 8. Nxd4 8... e6 {} 9. Nb5 exd5 10. Nxd6+ Kf8 11. Qxd5 Be6 12. Qxb7 Nd7
13. Nc4 Bf6 14. Bc7 Qc8 15. Qb4+ Kg7 16. Bd6 Qc6 17. e5 Qe4+ 18. Be2 Bxe5 19.
Nxe5 Qxb4+ 20. Bxb4 Nxe5 21. Bc3 f6 22. f4 Ng4 23. Bd4 Ne7 24. O-O-O h5 25. h3
Nh6 26. Bf3 Rac8 27. Bxa7 Kf7 28. Rhe1 Nhf5 29. c3 h4 30. a4 Bb3 31. Rd2 Bxa4
32. Rde2 Bb3 33. Bg4 Ra8 34. Bb6 Ra6 35. Bxf5 Nxf5 36. Bd4 Rc8 37. Kd2 Ra2 38.
Rb1 Bc2 39. Rc1 Rxb2 40. Ke1 Rb1 41. Rexc2 Rxc1+ 42. Rxc1 Nxd4 43. Rd1 Nf5 0-1

[Event "5th Karl Wagner mem"]
[Site "Graz"]
[Date "1998.09.05"]
[Round "1.37"]
[White "Riedner, Martin"]
[Black "Neubauer, Anton"]
[Result "1-0"]
[WhiteElo "2245"]
[BlackElo "2015"]
[PlyCount "65"]
[EventDate "1998.09.05"]

{1/(37)} 1. e4 1... e6 2. d4 d5 3. Nc3 Nf6 4. e5 Nfd7 5. f4 c5 6. Nf3 Nc6 7.
Be3 Qb6 8. Na4 Qa5+ 9. c3 cxd4 10. b4 Qd8 11. Nxd4 Nxd4 12. Bxd4 Be7 13. Bd3 g6
14. O-O a6 15. Kh1 b5 16. Nb2 Nb6 17. Qf3 f5 18. a4 Bd7 19. axb5 O-O 20. bxa6
Qc7 21. Qe2 Rfc8 22. Rfb1 Nc4 23. a7 Nb6 24. Qf2 Nc4 25. Na4 Bxa4 26. Rxa4 Qb7
27. b5 Na3 28. Rb3 Nc4 29. Qe2 Nb6 30. Ra6 Bc5 31. Qe3 Bxd4 32. Qxd4 Rxa7 33.
Rxb6 1-0

[Event "5th Karl Wagner mem"]
[Site "Graz"]
[Date "1998.09.05"]
[Round "1.39"]
[White "Stuhlik, Marko"]
[Black "Maric, Katarina"]
[Result "1-0"]
[WhiteElo "2240"]
[BlackElo "2005"]
[PlyCount "72"]
[EventDate "1998.09.05"]

{1/(39)} 1. Nf3 1... Nf6 2. g3 e6 3. c4 d5 4. b3 Be7 5. Bg2 O-O 6. O-O Nbd7 7.
Nc3 c6 8. d4 b6 9. Bb2 Ba6 10. Nd2 Rc8 11. e4 dxe4 12. Ncxe4 c5 13. Qe2 cxd4
14. Bxd4 Qc7 15. Rad1 Rfd8 16. Ba1 Bb7 17. Bh3 Qc6 18. f3 Bf8 19. Bg2 Qc7 20.
Kh1 Bc6 21. Nf2 Bd6 22. Nde4 Be5 23. Rd2 Bxa1 24. Rxa1 Nxe4 25. fxe4 Ne5 26.
Rad1 Rxd2 27. Qxd2 Kf8 28. Qd4 f6 29. Nh3 g5 30. Qf2 Ke7 31. Rf1 Ng4 32. Qf3
32... h5 {} 33. Nxg5 fxg5 34. Qf7+ Kd6 35. Qxh5 Kc5 36. Qxg4 Qe5 1-0

[Event "5th Karl Wagner mem"]
[Site "Graz"]
[Date "1998.09.06"]
[Round "2.3"]
[White "Lerner, Konstantin"]
[Black "Sarkozy, Ladislav"]
[Result "1-0"]
[WhiteElo "2580"]
[BlackElo "2355"]
[PlyCount "35"]
[EventDate "1998.09.05"]

{2/(3)} 1. d4 1... Nf6 2. Nf3 g6 3. c4 Bg7 4. g3 O-O 5. Bg2 c6 6. O-O d5 7. Qb3
Qb6 8. Nc3 Be6 9. c5 Qxb3 10. axb3 Na6 11. Ra4 Bf5 12. Bf4 Nd7 13. Rfa1 Rfe8
14. b4 e5 15. dxe5 15... Bc2 16. Rxa6 bxa6 17. Nd4 Nxe5 18. Bxe5 1-0